Persona /

Guardado en:
Autor Corporativo: Educable.
Formato: Deslizar
Series:Formación ética y ciudadana
Materias:
Etiquetas: Agregar Etiqueta
Sin Etiquetas, Sea el primero en etiquetar este registro!
LEADER 00897ngm a22002655g 4500
001 CEM.cems022469
008 130507b2000##################0###0#####d
005 20241104163742.0
245 1 0 |a Persona /  |c Educable. 
300 |a 24'. 
490 0 |a Formación ética y ciudadana 
500 |a En soporte VHS, consultar en ventanilla. 
505 0 |a Persona: definición. Deberes y derechos. La libertad de elegir y pensar. Lazos afectivos. La persona como ser social. 
538 |a Soporte: VHS - Norma: Pal N - Color: Si - Grabación DRD 2000 - Hitachi=1305. 
110 2 |a Educable. 
082 3 0 |/ EDU 
653 |a EDUCACION CIVICA 
653 |a FORMACION ETICA 
653 |a ETICA 
653 |a DEBERES Y DERECHOS 
653 |a PERSONA 
653 |a LIBERTAD 
653 |a NIVEL PRIMARIO 
653 |a NIVEL SECUNDARIO 
859 |a CEMS  |b BIB. CEMS - Depto. Recursos Didacticos  |h 301  |i EDU  |k DRD  |p 1112.12  |t Ej.1